000 00562nam a2200181Ia 4500
001 8425
005 20260306160608.0
008 260306t2016||||xx |||||||||||||| ||spa||
041 _aESP
082 _a370.985
_bP21
100 _aPalomino Thompson, Eduardo
_eAUT
245 0 _aRevisando la educación en el Perú del siglo XXI:
_bcuestionando políticas educativas y curriculares en la educación básica y en la educación universitaria
260 _c2016
300 _a328 páginas :
_c25 cm.
650 _aGEN
654 _aCED
942 _cLIB
_dJUS
_fJUS
_2ddc
_n
999 _c8425
_d8425